[Event "British Chess Championships 2023: PM Tournament U1750"]
[Site "The Venue, De Montfort University, 20 Western Boulevard, Leicester, LE2 7BU"]
[Date "2023.07.29"]
[Round "6"]
[Board "2"]
[White "Mccormick, Graeme S"]
[Black "Hayes, Solomon"]
[Result "1-0"]
[WhiteElo "1523"]
[BlackElo "1613"]
[PlyCount "75"]
[EventDate "2023.07.24"]
[EventRounds "6"]
[EventCountry "ENG"]

1. e4 c5 2. g3 Nc6 3. Bg2 g6 4. Nc3 Bg7 5. Nge2 Nf6 6. O-O O-O 7. d3 e6 8. Bg5 h6
9. Be3 d6 10. h3 a6 11. Qd2 Kh7 12. f4 Qc7 13. a4 b6 14. g4 Bb7 15. Ng3 Rad8 16.
Qf2 d5 17. Nce2 Ng8 18. f5 Bxb2 19. Rab1 Bg7 20. exd5 exd5 21. Nf4 d4 22. Bd2 Ne5
23. Bxb7 Qxb7 24. Ba5 Rd6 25. Ne4 Rc6 26. Qh4 Qa7 27. Bd2 Nf6 28. Nxf6+ Bxf6 29.
Qg3 gxf5 30. Nh5 Bh8 31. Rxf5 Ng6 32. Rbf1 Qc7 33. Qf3 f6 34. Qe4 Qd7 35. Nf4 Qe8
36. Nxg6 Qxg6 37. Qxc6 h5 38. Rxh5+  1-0

[Event "British Chess Championships 2023: PM Tournament U1750"]
[Site "The Venue, De Montfort University, 20 Western Boulevard, Leicester, LE2 7BU"]
[Date "2023.07.29"]
[Round "6"]
[Board "3"]
[White "Li, Xiaofan"]
[Black "Tomy, Jake"]
[Result "1/2-1/2"]
[WhiteElo "1673"]
[BlackElo "1540"]
[PlyCount "60"]
[EventDate "2023.07.24"]
[EventRounds "6"]
[EventCountry "ENG"]

1. e4 e5 2. Nf3 Nc6 3. Bc4 Be7 4. d3 Nf6 5. O-O O-O 6. c3 d5 7. exd5 Nxd5 8. Re1
Bg4 9. h3 Bxf3 10. Qxf3 Nb6 11. Bb5 Bf6 12. Bxc6 bxc6 13. Nd2 Qd5 14. Ne4 Be7 15.
Qg3 Rfd8 16. Bh6 g6 17. Rad1 Qe6 18. f4 f5 19. Ng5 Bxg5 20. Bxg5 Re8 21. Rxe5 Qxa2
22. Rde1 Rxe5 23. Rxe5 Qxb2 24. Qh4 Rf8 25. Qh6 Nd5 26. c4 Qc1+ 27. Kh2 Ne3 28. Re7
Nf1+ 29. Kg1 Nd2+ 30. Kh2 Nf1+  1/2-1/2

[Event "British Chess Championships 2023: PM Tournament U1750"]
[Site "The Venue, De Montfort University, 20 Western Boulevard, Leicester, LE2 7BU"]
[Date "2023.07.29"]
[Round "6"]
[Board "4"]
[White "Homer, Neil S"]
[Black "Belur, Ankita"]
[Result "0-1"]
[WhiteElo "1648"]
[BlackElo "1479"]
[PlyCount "70"]
[EventDate "2023.07.24"]
[EventRounds "6"]
[EventCountry "ENG"]

1. e4 d6 2. f4 Nf6 3. Nc3 g6 4. Nf3 Bg7 5. Bb5+ c6 6. Be2 b5 7. d3 Nbd7 8. Be3 O-O
9. O-O Ng4 10. Bf2 Nxf2 11. Rxf2 b4 12. Na4 Qa5 13. c3 bxc3 14. Nxc3 Bxc3 15. bxc3
Qxc3 16. Rc1 Qb2 17. Rxc6 Nc5 18. Rxc5 dxc5 19. Bf1 Qb6 20. Qc2 Be6 21. Kh1 Rfc8
22. Ne5 f6 23. Nc4 Qb7 24. Be2 Rab8 25. Rf1 Kg7 26. h3 Qb4 27. Rc1 Bxc4 28. dxc4
Qb2 29. Bd3 Qxc2 30. Bxc2 Rb2 31. Bb3 Rd8 32. Rc3 Rdd2 33. Rg3 Re2 34. f5 Rxe4 35.
fxg6 hxg6  0-1

[Event "British Chess Championships 2023: PM Tournament U1750"]
[Site "The Venue, De Montfort University, 20 Western Boulevard, Leicester, LE2 7BU"]
[Date "2023.07.29"]
[Round "6"]
[Board "5"]
[White "Flint, James"]
[Black "Sugden, Freddie"]
[Result "1-0"]
[WhiteElo "1534"]
[BlackElo "1700"]
[PlyCount "81"]
[EventDate "2023.07.24"]
[EventRounds "6"]
[EventCountry "ENG"]

1. c4 Nf6 2. g3 g6 3. Bg2 Bg7 4. Nc3 c6 5. e4 d6 6. Nge2 e5 7. d3 Nbd7 8. O-O O-O
9. h3 a5 10. Be3 Nc5 11. f4 exf4 12. gxf4 Nh5 13. d4 Nd7 14. f5 Qe7 15. Qd2 Nb6 16.
b3 a4 17. Bh6 axb3 18. Bxg7 Nxg7 19. f6 Qd8 20. fxg7 Kxg7 21. axb3 Rxa1 22. Rxa1
Qh4 23. Qf4 Qh5 24. Ng3 Qh6 25. Qxh6+ Kxh6 26. d5 f5 27. exf5 gxf5 28. Rf1 c5 29.
Nce4 f4 30. Ne2 Rg8 31. Nxf4 Re8 32. Nxd6 Re3 33. Nxc8 Nxc8 34. Rf3 Re1+ 35. Kf2
Rd1 36. Rd3 Rxd3 37. Nxd3 b6 38. Kf3 Kg5 39. Ne5 Kf6 40. Kf4 Nd6 41. Nd7+  1-0

[Event "British Chess Championships 2023: PM Tournament U1750"]
[Site "The Venue, De Montfort University, 20 Western Boulevard, Leicester, LE2 7BU"]
[Date "2023.07.29"]
[Round "6"]
[Board "6"]
[White "Singhal, Saket"]
[Black "Yi, Louis"]
[Result "0-1"]
[WhiteElo "1617"]
[BlackElo "1443"]
[PlyCount "118"]
[EventDate "2023.07.24"]
[EventRounds "6"]
[EventCountry "ENG"]

1. e4 e5 2. Bc4 Nf6 3. d3 Nc6 4. c3 Bc5 5. h3 h6 6. Ne2 O-O 7. Ng3 d5 8. exd5 Nxd5
9. Qf3 Be6 10. Ne4 Bd6 11. Bxh6 gxh6 12. Bxd5 Bxd5 13. Nf6+ Kh8 14. Nxd5 f5 15. Qh5
Kg7 16. Nd2 Ne7 17. Ne3 Bc5 18. Qe2 Nd5 19. O-O-O Nf4 20. Qf3 Qxd3 21. Rhe1 Qa6 22.
Nb3 Bd6 23. Nd5 Nxd5 24. Qxd5 Qxa2 25. Rxe5 Rad8 26. Nd4 Qxd5 27. Rxd5 Bf4+ 28. Kc2
Rxd5 29. Ne6+ Kf7 30. Nxf4 Rxd1 31. Kxd1 Rd8+ 32. Ke2 a5 33. Nd3 Kf6 34. Ke3 b5 35.
f4 h5 36. Ne5 Rd6 37. g3 c5 38. g4 hxg4 39. hxg4 fxg4 40. Nxg4+ Kf5 41. Nf2 b4 42.
Nd3 bxc3 43. bxc3 c4 44. Nc5 Rd5 45. Na4 Rd3+ 46. Ke2 Kxf4 47. Nb6 Re3+ 48. Kd2 Re4
49. Na4 Kf3 50. Nc5 Re2+ 51. Kc1 Kf4 52. Kb1 Ke5 53. Nb7 a4 54. Nc5 a3 55. Na6 Kd5
56. Nb4+ Kc5 57. Na2 Kb5 58. Ka1 Rxa2+ 59. Kxa2 Ka4  0-1

[Event "British Chess Championships 2023: PM Tournament U1750"]
[Site "The Venue, De Montfort University, 20 Western Boulevard, Leicester, LE2 7BU"]
[Date "2023.07.29"]
[Round "6"]
[Board "7"]
[White "Smithson, Sean"]
[Black "Daly, Grant"]
[Result "1-0"]
[WhiteElo "1301"]
[BlackElo "1596"]
[PlyCount "57"]
[EventDate "2023.07.24"]
[EventRounds "6"]
[EventCountry "ENG"]

1. e4 c5 2. Nc3 Nc6 3. f4 g6 4. d3 d6 5. Bd2 Bg7 6. Nf3 e6 7. g3 Nge7 8. Bg2 O-O
9. O-O Nd4 10. Be3 Nec6 11. Rb1 a5 12. Ne2 Nxe2+ 13. Qxe2 b6 14. c3 Bb7 15. h4 b5
16. h5 Ne7 17. hxg6 fxg6 18. Ng5 Bc8 19. Qg4 Qd7 20. Qh4 h6 21. Nf3 Bb7 22. f5 exf5
23. Bxh6 Bxh6 24. Qxh6 Rf7 25. Ng5 Rg7 26. Rf2 Rf8 27. Bh3 d5 28. Rh2 Qd6 29. Bg2
 1-0

[Event "British Chess Championships 2023: PM Tournament U1750"]
[Site "The Venue, De Montfort University, 20 Western Boulevard, Leicester, LE2 7BU"]
[Date "2023.07.29"]
[Round "6"]
[Board "8"]
[White "Mehrgan, Mehrsam"]
[Black "Pride, Stephen C"]
[Result "1/2-1/2"]
[WhiteElo "1118"]
[BlackElo "1584"]
[PlyCount "75"]
[EventDate "2023.07.24"]
[EventRounds "6"]
[EventCountry "ENG"]

1. Nf3 d5 2. d4 Nf6 3. c4 c6 4. Bf4 dxc4 5. Nc3 Bf5 6. e3 b5 7. a4 Nd5 8. axb5 Nxc3
9. bxc3 cxb5 10. Ne5 f6 11. Nf3 e6 12. h3 Bd6 13. Bxd6 Qxd6 14. Nh4 Be4 15. Qg4 Bg6
16. Nxg6 hxg6 17. Qxg6+ Kf8 18. Be2 a5 19. Bf3 Ra7 20. Ke2 a4 21. Rhb1 Qd7 22. Rb4
Na6 23. Rb2 Nc7 24. Qe4 Ke7 25. Rd2 Nd5 26. Qc2 Rb8 27. e4 Nf4+ 28. Ke3 Nd3 29. Be2
b4 30. Bxd3 b3 31. Qb2 cxd3 32. Rxd3 Qd6 33. Rd2 a3 34. Qb1 a2 35. Qb2 Qa6 36. f3
Qc4 37. Rd3 Rd8 38. Rc1  1/2-1/2

[Event "British Chess Championships 2023: PM Tournament U1750"]
[Site "The Venue, De Montfort University, 20 Western Boulevard, Leicester, LE2 7BU"]
[Date "2023.07.29"]
[Round "6"]
[Board "9"]
[White "Foreman, Brian A"]
[Black "Scott, Jane"]
[Result "1/2-1/2"]
[WhiteElo "1744"]
[BlackElo "1477"]
[PlyCount "56"]
[EventDate "2023.07.24"]
[EventRounds "6"]
[EventCountry "ENG"]

1. d4 Nf6 2. Nf3 g6 3. c4 Bg7 4. Nc3 O-O 5. e4 d6 6. Be2 Nbd7 7. e5 dxe5 8. dxe5
Ng4 9. e6 fxe6 10. O-O Nb6 11. Qb3 c6 12. h3 Ne5 13. Nxe5 Bxe5 14. Be3 Bg7 15. Rad1
Qc7 16. a4 Nd7 17. Rd2 Nf6 18. Rfd1 Bd7 19. Qb4 Rfe8 20. a5 Kf8 21. Qc5 Bc8 22. Bf3
Kg8 23. Qa3 Kf7 24. Ne4 Bf8 25. Ng5+ Kg8 26. b4 Kg7 27. Qb3 Kg8 28. c5 Qe5  1/2-1/2

[Event "British Chess Championships 2023: PM Tournament U1750"]
[Site "The Venue, De Montfort University, 20 Western Boulevard, Leicester, LE2 7BU"]
[Date "2023.07.29"]
[Round "6"]
[Board "10"]
[White "O Hanlon, Joseph"]
[Black "Joseph, Tomy"]
[Result "1/2-1/2"]
[WhiteElo "1597"]
[BlackElo "1549"]
[PlyCount "75"]
[EventDate "2023.07.24"]
[EventRounds "6"]
[EventCountry "ENG"]

1. d4 d5 2. Nf3 e6 3. Bf4 c5 4. c3 Nc6 5. e3 cxd4 6. exd4 Nf6 7. Nbd2 Be7 8. Bd3
O-O 9. Ne5 Bd7 10. h4 Qb6 11. Qb3 Qxb3 12. axb3 Nxe5 13. dxe5 Ne8 14. Nf3 f6 15.
Be3 b6 16. Bxb6 Rb8 17. Bxa7 Rxb3 18. Ra2 Bb5 19. Bxb5 Rxb5 20. Nd4 Rb7 21. Nxe6
Rf7 22. exf6 Rxf6 23. Ng5 h6 24. Nf3 Re6+ 25. Kd2 Nd6 26. Re1 Ne4+ 27. Kc2 Bf6 28.
g3 Rbe7 29. Be3 Nxg3 30. Rd1 Nf5 31. Bc5 Rd7 32. h5 Rc6 33. Ra8+ Kh7 34. b4 Rcc7
35. Bd4 Nxd4+ 36. Nxd4 Re7 37. Kd3 Re4 38. Ra5  1/2-1/2

[Event "British Chess Championships 2023: PM Tournament U1750"]
[Site "The Venue, De Montfort University, 20 Western Boulevard, Leicester, LE2 7BU"]
[Date "2023.07.29"]
[Round "6"]
[Board "12"]
[White "Cuthbert, Larissa"]
[Black "Horspool, Joseph"]
[Result "0-1"]
[WhiteElo "1542"]
[BlackElo "1621"]
[PlyCount "140"]
[EventDate "2023.07.24"]
[EventRounds "6"]
[EventCountry "ENG"]

1. d4 e6 2. c4 f5 3. Bf4 Nf6 4. Nc3 Be7 5. e3 b6 6. Be2 Bb7 7. Nf3 d6 8. Qb3 O-O
9. h3 Nbd7 10. Ng5 e5 11. Ne6 Qc8 12. Nxf8 Kxf8 13. Bg5 Qe8 14. h4 Qg6 15. O-O-O
c5 16. d5 Ne4 17. Nxe4 fxe4 18. f4 exf3 19. Rdf1 Bxg5 20. hxg5 Qxg5 21. Bxf3 Nf6
22. Kd2 Kg8 23. Qa4 Qg6 24. Rf2 h6 25. Rhf1 Kh8 26. b4 Kg8 27. bxc5 dxc5 28. Bd1
Ne4+ 29. Kc1 Nxf2 30. Rxf2 Qe4 31. Bc2 Qxe3+ 32. Rd2 Qe1+ 33. Rd1 Qc3 34. Rd3 Qe1+
35. Bd1 Qb4 36. Qxb4 cxb4 37. Bf3 Rd8 38. Bg4 Bc8 39. Bh5 Ba6 40. Bg4 Bxc4 41. Rd2
Kf8 42. d6 g5 43. Rc2 Bb5 44. Rd2 Kg7 45. d7 Kf6 46. Rd6+ Kf7 47. Rxh6 Bxd7 48. Rh7+
Ke8 49. Bh5+ Kf8 50. Rh8+ Ke7 51. Rh7+ Kd6 52. Rg7 g4 53. Bxg4 Bxg4 54. Rxg4 Kc5
55. Rg5 Kd4 56. Rg7 a5 57. g4 e4 58. Rh7 Rg8 59. Rh4 Kd3 60. Rh3+ e3 61. Rg3 Rg5
62. Kd1 a4 63. Kc1 a3 64. Kb1 Kd2 65. Ka1 Rc5 66. Rg1 Rc1+ 67. Rxc1 Kxc1 68. g5 e2
69. g6 e1=Q 70. g7 Kc2#  0-1

[Event "British Chess Championships 2023: PM Tournament U1750"]
[Site "The Venue, De Montfort University, 20 Western Boulevard, Leicester, LE2 7BU"]
[Date "2023.07.29"]
[Round "6"]
[Board "13"]
[White "Yu, William"]
[Black "Morris, Nigel W"]
[Result "1-0"]
[WhiteElo "1372"]
[BlackElo "1596"]
[PlyCount "63"]
[EventDate "2023.07.24"]
[EventRounds "6"]
[EventCountry "ENG"]

1. d4 g6 2. Nf3 Bg7 3. g3 Nf6 4. Bg2 d6 5. c3 Nbd7 6. Qb3 O-O 7. Nbd2 e5 8. O-O Rb8
9. Ng5 h6 10. Nge4 Nxe4 11. Bxe4 exd4 12. cxd4 Kh7 13. e3 f5 14. Bg2 Qe7 15. Nf3
Nf6 16. Bd2 Be6 17. Qb4 Nd5 18. Qb5 c6 19. Qd3 Nf6 20. Bb4 c5 21. Ba3 b5 22. b3 Rfd8
23. dxc5 dxc5 24. Qc2 Qc7 25. Qxc5 Qxc5 26. Bxc5 a6 27. Rac1 Ne4 28. Bd4 Rbc8 29.
Rxc8 Rxc8 30. Bxg7 Kxg7 31. h3 Rc2 32. Nd4  1-0

[Event "British Chess Championships 2023: PM Tournament U1750"]
[Site "The Venue, De Montfort University, 20 Western Boulevard, Leicester, LE2 7BU"]
[Date "2023.07.29"]
[Round "6"]
[Board "14"]
[White "Fraser, Chris A"]
[Black "Jestico, John V"]
[Result "1-0"]
[WhiteElo "1508"]
[BlackElo "1466"]
[PlyCount "55"]
[EventDate "2023.07.24"]
[EventRounds "6"]
[EventCountry "ENG"]

1. e4 e6 2. d4 d5 3. Nc3 Nf6 4. Bg5 Be7 5. e5 Nfd7 6. Bxe7 Qxe7 7. f4 a6 8. Nf3 c5
9. dxc5 Qxc5 10. Qd2 b5 11. Bd3 Nc6 12. Ne2 Bb7 13. g4 Nb4 14. Nfd4 Qb6 15. Qxb4
a5 16. Qxb5 Qxb5 17. Bxb5 Rc8 18. O-O-O Rc7 19. Kb1 O-O 20. Rhg1 Nc5 21. Nc3 f6 22.
Rgf1 Rcf7 23. exf6 Rxf6 24. f5 g6 25. Nxe6 Nxe6 26. fxe6 Rxf1 27. Rxf1 Rxf1+ 28.
Bxf1  1-0

[Event "British Chess Championships 2023: PM Tournament U1750"]
[Site "The Venue, De Montfort University, 20 Western Boulevard, Leicester, LE2 7BU"]
[Date "2023.07.29"]
[Round "6"]
[Board "15"]
[White "Gilbert, David J"]
[Black "Jones, Michael R"]
[Result "1/2-1/2"]
[WhiteElo "1603"]
[BlackElo "1556"]
[PlyCount "27"]
[EventDate "2023.07.24"]
[EventRounds "6"]
[EventCountry "ENG"]

1. c4 e5 2. g3 Nf6 3. Bg2 c6 4. d4 d6 5. dxe5 dxe5 6. Qxd8+ Kxd8 7. Nf3 Nfd7 8. O-O
f6 9. Nc3 Nb6 10. b3 Be6 11. Be3 N8d7 12. Rfd1 Kc7 13. Ne1 Rd8 14. Nd3  1/2-1/2